Countries with the most people born in October - Statistics

General Stats
  • This quiz has been taken 27 times
  • The average score is 7 of 10
Answer Stats
Country % Correct
Denmark
88%
France
80%
Russia
76%
Finland
72%
Norway
68%
Poland
68%
Estonia
56%
Latvia
56%
Belgium
52%
Greece
36%
No matching quizzes found
Score Distribution
Percent of People with Each Score
Percentile by Number Answered
Your Score History
You have not taken this quiz